1079 1435 1023 1278 1785 1968 1223 1693 1716 1389 1768 1804 1500 1267 1202 1544 1294 1726 1850 1265 1703 1231 1205 1343 1979 1750 1001 1004 1699 1228 1510 1182 1752 1122 1911 1235 1621 1539 1390 1748 1615 1114 1049 1118 1389 1649 1119 1704 1738 1471 1214 1262 1172 1661 1684 1931 1905 1915 1163 1703 1379 1452 1181 1369 1983 1568 1546 1031 1632 1281 1100 1615 1257 1960 1562 1974 1012 1439 1582 1112 1648 1761 1511 1913 1484 1459 1407 1589 1603 1085 1210 1105 1484 1416 1352 1630 1209 1193 1183 BCNSPRNW ULIB Ver.6.0+V

เปลี่ยนเป็นภาษาไทย

Change to English
 แสดงรายละเอียดบรรณานุกรม
  กลับหน้าหลัก

Brief Record : Get Marc (ISO 2709) : E-mail record : QR code < ปิดหน้าต่าง
LEADER : 00000nam 2200000uu 4500
001    13399121931
003     ULIB
008    121214s2552||||th 000 0 tha d
020    ^a9789744820846
060 04 ^aWM420^bส271จ 2552
100 0  ^aสมภพ เรืองตระกูล
245 10 ^aจิตสังคมบำบัดในโรคทางจิตเวชและโรคทางกาย /^cสมภพเรืองตระกูล
250    ^aพิมพ์ครั้งที่ 1
260    ^aกรุงเทพฯ :^bเรือนแก้วการพิมพ์,^c2552
300    ^a332 หน้า
504    ^aมีบรรณานุกรมและดรรชนีประกอบ
650  2 ^aPsychotherapy
650  2 ^aPsychiatry
945    ^p420^l0^i15792
945    ^p420^l0^i15793
995    ^aทศพร
999    ^aทศพร เกษรทอง
รายการนี้ยังไม่มีแท็ก
คุณยังไม่ได้ล็อกอิน คุณสามารถมีกิจกรรมร่วมกับเว็บไซต์ได้ แต่ต้องล็อกอินก่อน ::
  ล็อกอิน

รายการสื่อสารสนเทศ

ลำดับที่ ประเภท เลขเรียก/บาร์โค้ด สถานที่ สถานะ
- ไม่พบข้อมูล -

รายการใกล้เคียง
    ผู้แต่ง [สมภพ เรืองตระกูล]

    หัวเรื่อง [Psychotherapy]
    หัวเรื่อง [Psychiatry]

BibComment


ยังไม่เคยถูกคอมเมนท์

คอมเมนท์ทรัพยากรรายการนี้
  คอมเมนท์: จิตสังคมบำบัดในโ..


 Copyright 2026. Bcnsprnw @Library